00312nam a2200097Ia 4500008004100000100002300041245006200064260003300126300001800159650003700177180309s9999 xx 000 0 und d aGuralnik, David B. aWebster's new world dictionary of the american language / aTaiwan :b1977cMar Ling pub avi, 882 pages aEnglish language -- Dictionaries